[Event "Deutsche Ländermeisterschaft 2015"]
[Site "Hannover GER"]
[Date "2015.10.04"]
[Round "3"]
[White "Rogozenco, Teodora"]
[Black "Wiesner, Alexander"]
[Result "1/2-1/2"]
[Termination "normal"]
[Board "8.5"]
[WhiteElo "2110"]
[BlackElo "1844"]
[WhiteTeam "Hamburg"]
[BlackTeam "Baden 2"]
[PlyCount "140"]
[WhiteFideId "12938084"]
[BlackFideId "12943991"]
[EventCountry "GER"]
[EventRounds "7"]
[EventType "team-swiss"]
[EventDate "2015.10.02"]

1. d4 f5 2. g3 Nf6 3. Bg2 g6 4. Nh3 Bg7 5. c3 O-O 6. Nf4 Kh8 7. h4 Nc6 8. h5
Nxh5 9. Nxh5 gxh5 10. Na3 d6 11. e4 Qe8 12. Nb5 fxe4 13. Nxc7 Qf7 14. Qxh5
Qxf2+ 15. Kd1 Bg4+ 16. Qxg4 Qxg2 17. Re1 Rf3 18. Qxe4 Rc8 19. Ne6 Rxg3 20. Bf4
Qxe4 21. Rxe4 Rg1+ 22. Re1 Rxe1+ 23. Kxe1 Bf6 24. Kf2 Rg8 25. Kf3 Nd8 26. Nc7
e5 27. dxe5 dxe5 28. Be3 a6 29. Rd1 Rg7 30. Ne8 e4+ 31. Ke2 Rg2+ 32. Kf1 Rg6
33. Bd4 Bxd4 34. Rxd4 Nc6 35. Rxe4 Kg8 36. Nc7 Kf7 37. Nd5 Rd6 38. c4 h5 39.
Kf2 Kg6 40. Kg3 Kg5 41. b4 Rd7 42. a4 b5 43. axb5 axb5 44. cxb5 Nd8 45. Re5+
Kg6 46. Kh4 Nf7 47. Rxh5 Nd6 48. Kg4 Rb7 49. b6 Nc4 50. Rf5 Rxb6 51. Nxb6 Ne3+
52. Kf4 Nxf5 53. Nd7 Nd4 54. Ke4 Nb5 55. Kd5 Kf5 56. Kc5 Nc3 57. Kc4 Ne4 58.
Kd4 Nd6 59. Kd5 Nb5 60. Ne5 Nc7+ 61. Kc6 Ne6 62. Kd6 Nd4 63. Kd5 Nb5 64. Nf3
Kf6 65. Nd4 Nc3+ 66. Kd6 Ne4+ 67. Kd5 Nc3+ 68. Kd6 Ne4+ 69. Kc6 Nc3 70. Kd6
Ne4+ 1/2-1/2

[Event "Deutsche Ländermeisterschaft 2015"]
[Site "Hannover GER"]
[Date "2015.10.04"]
[Round "3"]
[White "Riegel, Arinna"]
[Black "Woelk, Tom-Frederic"]
[Result "1/2-1/2"]
[Termination "normal"]
[Board "8.6"]
[WhiteElo "1610"]
[BlackElo "1806"]
[WhiteTeam "Baden 2"]
[BlackTeam "Hamburg"]
[PlyCount "131"]
[WhiteFideId "12931446"]
[BlackFideId "12993077"]
[EventCountry "GER"]
[EventRounds "7"]
[EventType "team-swiss"]
[EventDate "2015.10.02"]

1. d4 Nf6 2. c4 e6 3. Nf3 b6 4. g3 Bb7 5. Bg2 Be7 6. O-O O-O 7. Nc3 d5 8. Re1
Nbd7 9. Qc2 Rc8 10. cxd5 exd5 11. Bh3 c5 12. dxc5 Bxc5 13. Qd3 Qe7 14. Bg5 Rcd8
15. Qb5 a6 16. Qa4 Ne5 17. Nxe5 Qxe5 18. Qf4 Qxf4 19. Bxf4 Ne4 20. Nxe4 dxe4
21. Red1 Bc8 22. Bxc8 Rxc8 23. Bd6 Rfe8 24. e3 f6 25. Rac1 Kf7 26. Bxc5 bxc5
27. Rd2 Ke6 28. Rdc2 Kd5 29. b4 Re7 30. Rxc5+ Rxc5 31. Rxc5+ Kd6 32. Ra5 Kc6
33. Kf1 Kb6 34. Ke2 Rc7 35. Kd2 Rd7+ 36. Kc2 Rc7+ 37. Kb3 Rd7 38. Rc5 g6 39.
Kc2 Rd3 40. Rc3 Rd5 41. Rc4 Re5 42. Kd2 Kb5 43. Rd4 Re6 44. Kc3 Ka4 45. Kb2 f5
46. a3 a5 47. Rd7 axb4 48. Ra7+ Kb5 49. Rb7+ Kc6 50. Rxb4 Re7 51. a4 Ra7 52.
Kb3 Rd7 53. Kc2 Kc5 54. Rb3 Ra7 55. Ra3 Kb4 56. Ra2 Rc7+ 57. Kb2 Ra7 58. a5
Rxa5 59. Rxa5 Kxa5 60. Kc3 Ka4 61. Kc4 Ka3 62. Kc3 Ka2 63. Kc2 Ka3 64. Kc3 Ka2
65. Kc2 Ka3 66. Kc3 1/2-1/2

[Event "Deutsche Ländermeisterschaft 2015"]
[Site "Hannover GER"]
[Date "2015.10.04"]
[Round "3"]
[White "Christiansen, Anna"]
[Black "Wu, Luka"]
[Result "0-1"]
[Termination "normal"]
[Board "8.7"]
[WhiteElo "1467"]
[BlackElo "1695"]
[WhiteTeam "Hamburg"]
[BlackTeam "Baden 2"]
[PlyCount "74"]
[WhiteFideId "12952230"]
[BlackFideId "12977420"]
[EventCountry "GER"]
[EventRounds "7"]
[EventType "team-swiss"]
[EventDate "2015.10.02"]

1. e4 e5 2. Nf3 Nc6 3. Bc4 Bc5 4. c3 Nf6 5. d4 exd4 6. e5 d5 7. Bb5 Ne4 8. cxd4
Bb6 9. O-O Bg4 10. Bxc6+ bxc6 11. Be3 O-O 12. Nbd2 Qe7 13. Qc2 Nxd2 14. Nxd2
Bd7 15. Rfe1 f6 16. Nf3 Rab8 17. a3 f5 18. g3 h6 19. h4 Kh8 20. Kg2 Qe6 21. Rh1
f4 22. Bd2 fxg3 23. fxg3 Qg4 24. Raf1 Bxd4 25. Nxd4 Qxd4 26. Bc3 Qc4 27. Rxf8+
Rxf8 28. Qd2 Qe4+ 29. Kh2 Rf3 30. Re1 Qf5 31. Kg2 Qg4 32. Qf2 Rxf2+ 33. Kxf2 c5
34. Re2 d4 35. Bd2 c4 36. Ke1 Qxg3+ 37. Kd1 Bg4 0-1

[Event "Deutsche Ländermeisterschaft 2015"]
[Site "Hannover GER"]
[Date "2015.10.04"]
[Round "3"]
[White "Youness, Fatima"]
[Black "Kieckbusch, Lotta"]
[Result "1-0"]
[Termination "normal"]
[Board "8.8"]
[WhiteElo "1413"]
[BlackElo "993"]
[WhiteTeam "Baden 2"]
[BlackTeam "Hamburg"]
[PlyCount "83"]
[WhiteFideId "16214404"]
[BlackFideId "16214390"]
[EventCountry "GER"]
[EventRounds "7"]
[EventType "team-swiss"]
[EventDate "2015.10.02"]

1. e4 c6 2. d4 d5 3. exd5 cxd5 4. Nc3 Nf6 5. Nf3 Bg4 6. Bf4 Nc6 7. Bb5 Ne4 8.
Qd3 Nf6 9. Ne5 Rc8 10. h4 e6 11. f3 Bf5 12. Qe2 Bb4 13. g4 Bxc2 14. Qxc2 a6 15.
Bxc6+ bxc6 16. Qa4 Bxc3+ 17. bxc3 Qb6 18. O-O Qb5 19. Qb3 Qe2 20. Qb7 O-O 21.
Rf2 Qb5 22. Rb2 Qxb7 23. Rxb7 Rb8 24. Rab1 Rxb7 25. Rxb7 h6 26. Nxc6 Rc8 27.
Ne7+ Kh7 28. Nxc8 a5 29. h5 a4 30. Ra7 a3 31. Rxa3 Kg8 32. Ra8 Kh7 33. a4 Ng8
34. a5 Nf6 35. a6 Nd7 36. a7 f6 37. Ne7 Nb6 38. Rb8 Nd7 39. Rb7 e5 40. a8=Q Nf8
41. Qxf8 exf4 42. Qg8# 1-0

[Event "Deutsche Ländermeisterschaft 2015"]
[Site "Hannover GER"]
[Date "2015.10.05"]
[Round "4"]
[White "Gretz, Denis"]
[Black "Schröder, Kevin"]
[Result "1-0"]
[Termination "normal"]
[Board "1.2"]
[WhiteElo "2129"]
[BlackElo "2298"]
[WhiteClock "00:47:04"]
[BlackClock "00:56:15"]
[WhiteTeam "Bayern"]
[BlackTeam "Nordrhein-Westfalen"]
[PlyCount "75"]
[WhiteFideId "12945188"]
[BlackFideId "12929840"]
[EventCountry "GER"]
[EventRounds "7"]
[EventType "team-swiss"]
[EventDate "2015.10.02"]

1. e4 e5 2. Nf3 Nf6 3. Nxe5 Nxe4 4. Qe2 Qe7 5. Qxe4 d6 6. d4 dxe5 7. dxe5 Nc6
8. Nc3 Qxe5 9. Qxe5+ Nxe5 10. Bf4 Bd6 11. Bg3 Bd7 12. Ne4 Bc6 13. Nxd6+ cxd6
14. O-O-O O-O-O 15. f3 Rhe8 16. Be2 Kc7 17. Rhe1 Re6 18. f4 Nd7 19. f5 Re3 20.
Bxd6+ Kc8 21. Bf1 Rxe1 22. Rxe1 Nf6 23. Be5 Re8 24. Bc3 Rxe1+ 25. Bxe1 Ng4 26.
Be2 Ne3 27. g4 h5 28. f6 gxf6 29. gxh5 Be4 30. Bd3 Bxd3 31. cxd3 Ng4 32. Bd2 f5
33. Bg5 Ne5 34. h6 f4 35. h7 Ng6 36. h4 Kd7 37. h5 f3 38. Kd2 1-0

[Event "Deutsche Ländermeisterschaft 2015"]
[Site "Hannover GER"]
[Date "2015.10.05"]
[Round "4"]
[White "Mundorf, Johannes"]
[Black "Hess, Max"]
[Result "1-0"]
[Termination "normal"]
[Board "1.3"]
[WhiteElo "2211"]
[BlackElo "2221"]
[WhiteClock "00:20:43"]
[BlackClock "00:26:47"]
[WhiteTeam "Nordrhein-Westfalen"]
[BlackTeam "Bayern"]
[PlyCount "105"]
[WhiteFideId "24672491"]
[BlackFideId "24656666"]
[EventCountry "GER"]
[EventRounds "7"]
[EventType "team-swiss"]
[EventDate "2015.10.02"]

1. Nf3 Nf6 2. g3 g6 3. b3 Bg7 4. Bb2 O-O 5. Bg2 d6 6. d4 Nbd7 7. O-O e5 8. dxe5
Ng4 9. Qd2 dxe5 10. e4 c6 11. Na3 Nc5 12. Qxd8 Rxd8 13. Rad1 Be6 14. h3 Nf6 15.
Ng5 Bd7 16. Bxe5 h6 17. Bd4 Na6 18. e5 hxg5 19. exf6 Bf8 20. Nc4 Nb4 21. c3 Nd5
22. Ne3 Be6 23. Nxd5 Bxd5 24. Be3 Be6 25. Bxg5 a5 26. Be3 Kh7 27. Kh2 Ba3 28.
Rd4 Rxd4 29. Bxd4 a4 30. bxa4 Rxa4 31. Rb1 Bc8 32. h4 Bd6 33. Bh3 c5 34. Bxc8
cxd4 35. cxd4 Rxa2 36. Kg2 g5 37. Bf5+ Kh6 38. Rxb7 gxh4 39. gxh4 Ra5 40. Be4
Kh5 41. Rd7 Bb4 42. Kh3 Ra3+ 43. f3 Ra1 44. Rxf7 Rh1+ 45. Kg3 Bd6+ 46. f4 Rg1+
47. Kh3 Bxf4 48. Rh7+ Bh6 49. f7 Rg3+ 50. Kh2 Rh3+ 51. Kg2 Rg3+ 52. Kf2 Rg4 53.
Rxh6+ 1-0

[Event "Deutsche Ländermeisterschaft 2015"]
[Site "Hannover GER"]
[Date "2015.10.05"]
[Round "4"]
[White "Tong, Kevin"]
[Black "Kuckling, Hannah"]
[Result "1/2-1/2"]
[Termination "normal"]
[Board "1.4"]
[WhiteElo "2021"]
[BlackElo "1988"]
[WhiteClock "00:29:29"]
[BlackClock "00:05:02"]
[WhiteTeam "Bayern"]
[BlackTeam "Nordrhein-Westfalen"]
[PlyCount "91"]
[WhiteFideId "12913944"]
[BlackFideId "24603660"]
[EventCountry "GER"]
[EventRounds "7"]
[EventType "team-swiss"]
[EventDate "2015.10.02"]

1. e4 c5 2. Nf3 e6 3. d4 cxd4 4. Nxd4 Nc6 5. Nc3 Qc7 6. Be2 a6 7. O-O Nf6 8.
Be3 d6 9. f4 Be7 10. Qe1 Nxd4 11. Bxd4 e5 12. Be3 b5 13. a3 Bb7 14. Bf3 exf4
15. Bxf4 O-O 16. Rd1 Rad8 17. Kh1 Rd7 18. Qg3 Qc4 19. Rde1 b4 20. axb4 Qxb4 21.
e5 dxe5 22. Bxe5 Bxf3 23. Rxf3 Qg4 24. Qf2 Nh5 25. Qe2 Qg6 26. Ra1 Ra8 27. Rff1
h6 28. Rfd1 Rxd1+ 29. Rxd1 Nf6 30. Ra1 Qg5 31. Bxf6 Bxf6 32. Ne4 Qe5 33. Nxf6+
Qxf6 34. Qf3 Qxf3 35. gxf3 Rb8 36. b3 Rc8 37. c4 Rc6 38. Kg2 Kf8 39. Re1 Rd6
40. Kf2 Rd3 41. Rb1 Rd2+ 42. Kg3 Rc2 43. h3 g6 44. Kf4 Rc3 45. h4 Kg7 46. Ke4
1/2-1/2

[Event "Deutsche Ländermeisterschaft 2015"]
[Site "Hannover GER"]
[Date "2015.10.05"]
[Round "4"]
[White "Browning, Alex"]
[Black "Schneider, Jana"]
[Result "0-1"]
[Termination "normal"]
[Board "1.5"]
[WhiteElo "1936"]
[BlackElo "2024"]
[WhiteClock "00:29:18"]
[BlackClock "00:30:17"]
[WhiteTeam "Nordrhein-Westfalen"]
[BlackTeam "Bayern"]
[PlyCount "56"]
[WhiteFideId "12984019"]
[BlackFideId "12924997"]
[EventCountry "GER"]
[EventRounds "7"]
[EventType "team-swiss"]
[EventDate "2015.10.02"]

1. e4 e5 2. Nf3 Nc6 3. Bb5 a6 4. Ba4 Nf6 5. O-O Be7 6. Re1 b5 7. Bb3 d6 8. a4
Bg4 9. c3 O-O 10. d4 Bxf3 11. gxf3 Na5 12. Bc2 Nh5 13. Kh1 Bh4 14. Rg1 Nc6 15.
Bb3 Rb8 16. axb5 axb5 17. Rg4 Qf6 18. Be3 Ne7 19. Nd2 Ng6 20. Ra7 Rbc8 21. Nf1
Nhf4 22. dxe5 dxe5 23. Qd7 h5 24. Rg1 Ne2 25. Bxf7+ Qxf7 26. Qxf7+ Kxf7 27. Rg2
Ngf4 28. Bxf4 Nxf4 0-1

[Event "Deutsche Ländermeisterschaft 2015"]
[Site "Hannover GER"]
[Date "2015.10.05"]
[Round "4"]
[White "Siegl, Melina"]
[Black "Browning, Rebecca"]
[Result "1-0"]
[Termination "normal"]
[Board "1.6"]
[WhiteElo "1926"]
[BlackElo "1589"]
[WhiteClock "01:03:26"]
[BlackClock "00:46:47"]
[WhiteTeam "Bayern"]
[BlackTeam "Nordrhein-Westfalen"]
[PlyCount "43"]
[WhiteFideId "1272126"]
[BlackFideId "12984027"]
[EventCountry "GER"]
[EventRounds "7"]
[EventType "team-swiss"]
[EventDate "2015.10.02"]

1. g3 b6 2. Bg2 Nc6 3. b4 Bb7 4. Bb2 e6 5. c4 Nf6 6. a3 Qc8 7. Nf3 Be7 8. O-O
O-O 9. d4 d6 10. Nbd2 a6 11. e4 Na7 12. d5 e5 13. Nh4 g6 14. f4 exf4 15. Rxf4
Nh5 16. Nf5 Bg5 17. Rg4 Qd8 18. Rxg5 Nf6 19. Qf3 h5 20. Ne7+ Qxe7 21. Bxf6 Qd7
22. Qxh5 1-0

[Event "Deutsche Ländermeisterschaft 2015"]
[Site "Hannover GER"]
[Date "2015.10.05"]
[Round "4"]
[White "Kracht, Raphael"]
[Black "Weller, Uli"]
[Result "0-1"]
[Termination "normal"]
[Board "1.7"]
[WhiteElo "1532"]
[BlackElo "1921"]
[WhiteClock "00:22:02"]
[BlackClock "00:09:50"]
[WhiteTeam "Nordrhein-Westfalen"]
[BlackTeam "Bayern"]
[PlyCount "111"]
[WhiteFideId "16214382"]
[BlackFideId "12971782"]
[EventCountry "GER"]
[EventRounds "7"]
[EventType "team-swiss"]
[EventDate "2015.10.02"]

1. e4 e6 2. d4 d5 3. Nd2 dxe4 4. Nxe4 Nd7 5. Nf3 Ngf6 6. Bd3 b6 7. O-O Bb7 8.
Qe2 Be7 9. Bf4 O-O 10. Rad1 Nxe4 11. Bxe4 Bxe4 12. Qxe4 Nf6 13. Qe2 Nd5 14. Bg3
Bd6 15. Ne5 Bxe5 16. Qxe5 Rc8 17. c4 Ne7 18. Bh4 Ng6 19. Bxd8 Nxe5 20. Be7 Rfe8
21. dxe5 Rxe7 22. Rd4 f6 23. f4 Kf7 24. Kf2 Rb8 25. a4 a6 26. Rc1 c5 27. Rd6
fxe5 28. fxe5 b5 29. cxb5 axb5 30. a5 c4 31. Ke3 Rc7 32. b4 Ke7 33. Rf1 Rcc8
34. Ra6 Rb7 35. Rd1 Kf7 36. Rdd6 c3 37. Rdc6 Rbc7 38. Ra7 Rxa7 39. Rxc8 Kg6 40.
Rxc3 Kf5 41. Rc5 Rb7 42. Kf3 h5 43. g3 g5 44. h3 g4+ 45. hxg4+ hxg4+ 46. Ke3
Rb8 47. Rc6 Rh8 48. Rb6 Rh3 49. Rxb5 Rxg3+ 50. Kf2 Rb3 51. a6 g3+ 52. Kg2 Kg4
53. a7 Rb2+ 54. Kg1 Kh3 55. Kf1 g2+ 56. Ke1 0-1

[Event "Deutsche Ländermeisterschaft 2015"]
[Site "Hannover GER"]
[Date "2015.10.05"]
[Round "4"]
[White "Khamenya, Vitalia"]
[Black "Müdder, Melanie"]
[Result "0-1"]
[Termination "normal"]
[Board "1.8"]
[WhiteElo "1565"]
[BlackElo "1585"]
[WhiteClock "00:57:36"]
[BlackClock "00:26:16"]
[WhiteTeam "Bayern"]
[BlackTeam "Nordrhein-Westfalen"]
[PlyCount "154"]
[WhiteFideId "12959260"]
[BlackFideId "12994103"]
[EventCountry "GER"]
[EventRounds "7"]
[EventType "team-swiss"]
[EventDate "2015.10.02"]

1. g3 g6 2. Bg2 Bg7 3. d3 c6 4. Nd2 d5 5. e3 e5 6. Ne2 Ne7 7. O-O O-O 8. h3 Be6
9. a3 Qd7 10. Kh2 Na6 11. Rb1 Nc7 12. b3 h5 13. Nf3 f6 14. Bb2 g5 15. h4 g4 16.
Nd2 f5 17. d4 e4 18. Nf4 Bf7 19. b4 Ne6 20. Nb3 Nxf4 21. gxf4 Qd8 22. Nc5 b6
23. Na4 Ng6 24. Rh1 Nxh4 25. Kg3 Nxg2 26. Kxg2 h4 27. Nc3 h3+ 28. Kh2 b5 29.
Ne2 Be6 30. Rg1 Kh7 31. Nc1 Bf6 32. Bc3 Rg8 33. Be1 Rg7 34. Qd2 Qd7 35. Qc3 Be7
36. Nb3 a6 37. Na5 Rc8 38. Rd1 Bd8 39. Nb3 Bb6 40. Ra1 Qc7 41. Rd1 Ra8 42. Rc1
Rgg8 43. Ra1 Rgb8 44. Rc1 Rb7 45. Ra1 Rba7 46. Qb2 Rg8 47. Qc3 Qd6 48. Rd1 Rag7
49. Nc1 Bd7 50. Qb2 Rg6 51. Qc3 R8g7 52. Qb2 Qf8 53. Qc3 Qg8 54. Ne2 Bd8 55.
Qc5 Be7 56. Qc3 Bh4 57. Qc5 Be7 58. Qc3 Qf8 59. Qb2 Bd8 60. Qc3 Bc8 61. Nc1 Qg8
62. Qb2 Bh4 63. Ne2 Kh6 64. Qc3 Ra7 65. Qc5 Qg7 66. Qc3 Bd8 67. Ra1 a5 68. Bd2
axb4 69. axb4 Bh4 70. Be1 Qb7 71. Bd2 Bxf2 72. Rgf1 Rxa1 73. Qxa1 Bh4 74. Rg1
Qe7 75. Qa8 Qd8 76. Qa7 Bf2 77. Rf1 Qh4 0-1

[Event "Deutsche Ländermeisterschaft 2015"]
[Site "Hannover GER"]
[Date "2015.10.05"]
[Round "4"]
[White "Powierski, Emil"]
[Black "Carow, Johannes"]
[Result "0-1"]
[Termination "normal"]
[Board "2.1"]
[BlackTitle "FM"]
[WhiteElo "2278"]
[BlackElo "2430"]
[WhiteClock "00:20:30"]
[BlackClock "00:28:06"]
[WhiteTeam "Schleswig-Holstein"]
[BlackTeam "Rheinland-Pfalz"]
[PlyCount "84"]
[WhiteFideId "4656199"]
[BlackFideId "24692050"]
[EventCountry "GER"]
[EventRounds "7"]
[EventType "team-swiss"]
[EventDate "2015.10.02"]

1. e4 c5 2. Nf3 Nc6 3. d4 cxd4 4. Nxd4 Qb6 5. Nb3 Nf6 6. Nc3 e6 7. a3 Qc7 8. f4
d6 9. Be3 a6 10. g4 b5 11. g5 Nd7 12. Qf3 b4 13. axb4 Nxb4 14. Qf2 Be7 15. Bg2
O-O 16. O-O Rb8 17. Rae1 a5 18. Ra1 Nc6 19. Qg3 Nb6 20. f5 Nc4 21. f6 Bd8 22.
fxg7 Kxg7 23. Bc1 Nb4 24. Rf2 Nxc2 25. Rxc2 Rxb3 26. Qh3 Kh8 27. Kh1 Qc5 28.
Qh5 Rg8 29. Qxf7 Ne5 30. Qh5 Nd3 31. Qf3 Nxc1 32. Raxc1 Qxg5 33. Rd1 Qe5 34.
Qf7 Rb7 35. Qf3 Rbg7 36. Rcd2 Bb6 37. Rf1 Ba6 38. Rfd1 Bc7 39. Bh3 Bb6 40. Bg2
Bc5 41. Ra1 Bb4 42. Re1 d5 0-1

[Event "Deutsche Ländermeisterschaft 2015"]
[Site "Hannover GER"]
[Date "2015.10.05"]
[Round "4"]
[White "Keymer, Vincent"]
[Black "Krause, Benedict"]
[Result "1/2-1/2"]
[Termination "normal"]
[Board "2.2"]
[BlackTitle "FM"]
[WhiteElo "2356"]
[BlackElo "2289"]
[WhiteClock "00:14:02"]
[BlackClock "00:09:40"]
[WhiteTeam "Rheinland-Pfalz"]
[BlackTeam "Schleswig-Holstein"]
[PlyCount "55"]
[WhiteFideId "12940690"]
[BlackFideId "12917990"]
[EventCountry "GER"]
[EventRounds "7"]
[EventType "team-swiss"]
[EventDate "2015.10.02"]

1. d4 Nf6 2. c4 g6 3. g3 Bg7 4. Bg2 d5 5. cxd5 Nxd5 6. Nf3 Nb6 7. Nc3 Nc6 8. e3
O-O 9. O-O Re8 10. a3 a5 11. Nd2 a4 12. b3 axb3 13. Nxb3 e5 14. d5 e4 15. Nxe4
Nxd5 16. Ra2 Bf5 17. Nec5 Nc3 18. Qxd8 Nxd8 19. Rd2 Ra7 20. e4 Be6 21. Nxe6
Nxe6 22. Bb2 Nb5 23. e5 Bf8 24. Ra1 Bxa3 25. Bxa3 Rxa3 26. Rxa3 Nxa3 27. Bxb7
c5 28. Ra2 1/2-1/2

[Event "Deutsche Ländermeisterschaft 2015"]
[Site "Hannover GER"]
[Date "2015.10.05"]
[Round "4"]
[White "Kololli, Martin"]
[Black "Wilhelm, Till"]
[Result "0-1"]
[Termination "normal"]
[Board "2.3"]
[WhiteElo "2158"]
[BlackElo "2209"]
[WhiteClock "00:01:26"]
[BlackClock "00:09:22"]
[WhiteTeam "Schleswig-Holstein"]
[BlackTeam "Rheinland-Pfalz"]
[PlyCount "64"]
[WhiteFideId "12936910"]
[BlackFideId "12942391"]
[EventCountry "GER"]
[EventRounds "7"]
[EventType "team-swiss"]
[EventDate "2015.10.02"]

1. e4 e5 2. Nf3 Nc6 3. Bb5 a6 4. Ba4 Nf6 5. O-O Be7 6. Re1 b5 7. Bb3 d6 8. c3
O-O 9. d4 Bg4 10. Be3 Re8 11. h3 Bd7 12. Nbd2 Bf8 13. a4 h6 14. Bc2 Qb8 15. Qc1
Qb7 16. dxe5 Nxe5 17. Nxe5 dxe5 18. Nb3 a5 19. Nc5 Bxc5 20. Bxc5 bxa4 21. Ba3
Qc8 22. Qd1 Ra6 23. Qe2 Nh7 24. h4 g5 25. Bd3 Rf6 26. hxg5 Nxg5 27. Kh2 Bg4 28.
Qd2 Bf3 29. Re3 Qg4 30. gxf3 Qh3+ 31. Kg1 Rg6 32. f4 Nf3# 0-1

[Event "Deutsche Ländermeisterschaft 2015"]
[Site "Hannover GER"]
[Date "2015.10.05"]
[Round "4"]
[White "Muckle, Julius"]
[Black "Rieß, Alexander"]
[Result "0-1"]
[Termination "normal"]
[Board "2.4"]
[WhiteElo "2101"]
[BlackElo "2252"]
[WhiteClock "00:25:09"]
[BlackClock "00:40:45"]
[WhiteTeam "Rheinland-Pfalz"]
[BlackTeam "Schleswig-Holstein"]
[PlyCount "119"]
[WhiteFideId "12942430"]
[BlackFideId "12953326"]
[EventCountry "GER"]
[EventRounds "7"]
[EventType "team-swiss"]
[EventDate "2015.10.02"]

1. d4 Nf6 2. c4 g6 3. Nc3 d5 4. Bg5 Ne4 5. Bh4 Nxc3 6. bxc3 dxc4 7. e3 Be6 8.
Nf3 Bg7 9. Rb1 b6 10. Qc2 O-O 11. Be2 c6 12. O-O b5 13. Rfd1 Na6 14. a4 Nc7 15.
axb5 Nxb5 16. Qc1 Qa5 17. Ra1 Qxc3 18. Bxe7 Rfe8 19. Bc5 Bd5 20. Bf1 a5 21.
Qxc3 Nxc3 22. Rdc1 Ne4 23. Bxc4 Reb8 24. Bxd5 cxd5 25. Ba3 a4 26. Ne5 Bxe5 27.
dxe5 Nd2 28. Rd1 Nc4 29. g4 Rb5 30. Bd6 f6 31. f4 Nxe3 32. Rd4 Nc4 33. Rad1 a3
34. Bxa3 fxe5 35. Rxd5 Rxd5 36. Rxd5 Rxa3 37. fxe5 Re3 38. Rd8+ Kg7 39. Rd7+
Kh6 40. g5+ Kxg5 41. Rxh7 Nxe5 42. Kf2 Ng4+ 43. Kg2 Re2+ 44. Kg3 Re3+ 45. Kg2
Ne5 46. Kf2 Ra3 47. Kg2 Kg4 48. h3+ Kg5 49. Rb7 Rc3 50. Rb5 Kf4 51. Rb4+ Nc4
52. Rb8 Rc2+ 53. Kf1 Ne3+ 54. Ke1 Rh2 55. Rf8+ Nf5 56. Rh8 g5 57. Kf1 Nh4 58.
Rf8+ Kg3 59. Rg8 Nf3 60. Rh8 0-1

[Event "Deutsche Ländermeisterschaft 2015"]
[Site "Hannover GER"]
[Date "2015.10.05"]
[Round "4"]
[White "Kopylov, Daniel"]
[Black "Karsay, Pascal"]
[Result "0-1"]
[Termination "normal"]
[Board "2.5"]
[WhiteElo "1931"]
[BlackElo "2100"]
[WhiteClock "00:29:38"]
[BlackClock "00:42:14"]
[WhiteTeam "Schleswig-Holstein"]
[BlackTeam "Rheinland-Pfalz"]
[PlyCount "84"]
[WhiteFideId "12921971"]
[BlackFideId "12953474"]
[EventCountry "GER"]
[EventRounds "7"]
[EventType "team-swiss"]
[EventDate "2015.10.02"]

1. e4 c5 2. Nf3 e6 3. d3 Nc6 4. g3 g6 5. Bg2 Bg7 6. O-O Nge7 7. Nbd2 O-O 8. Re1
Qc7 9. Qe2 d6 10. c3 h6 11. a4 e5 12. Nc4 Be6 13. Be3 b6 14. Qd2 Kh7 15. b4 f5
16. b5 fxe4 17. Nh4 Nb8 18. Bxe4 d5 19. Bg2 Nd7 20. Nb2 Rae8 21. Qe2 g5 22. Nf3
Bf6 23. c4 g4 24. Nh4 d4 25. Bd2 Bxh4 26. gxh4 Bf5 27. a5 Ng6 28. axb6 axb6 29.
Ra6 Nxh4 30. Rea1 Nxg2 31. Kxg2 Qb7+ 32. Kg1 Ra8 33. Qf1 Rxa6 34. Rxa6 Rf7 35.
Qg2 Qxg2+ 36. Kxg2 e4 37. Na4 Rf6 38. Ra7 Kg6 39. Rb7 exd3 40. Rc7 Ne5 41. Nb2
Be4+ 42. Kf1 Nf3 0-1

[Event "Deutsche Ländermeisterschaft 2015"]
[Site "Hannover GER"]
[Date "2015.10.05"]
[Round "4"]
[White "Schwarz, Larissa"]
[Black "Köhler, Inken"]
[Result "1/2-1/2"]
[Termination "normal"]
[Board "2.6"]
[WhiteElo "1928"]
[BlackElo "1728"]
[WhiteClock "00:29:02"]
[BlackClock "00:33:10"]
[WhiteTeam "Rheinland-Pfalz"]
[BlackTeam "Schleswig-Holstein"]
[PlyCount "82"]
[WhiteFideId "24699004"]
[BlackFideId "12929301"]
[EventCountry "GER"]
[EventRounds "7"]
[EventType "team-swiss"]
[EventDate "2015.10.02"]

1. e4 c5 2. Nf3 e6 3. d4 cxd4 4. Nxd4 Nf6 5. Nc3 Nc6 6. Ndb5 Bc5 7. Bf4 O-O 8.
Bc7 Qe7 9. Bd6 Bxd6 10. Qxd6 Qd8 11. Nc7 Ne8 12. Nxe8 Rxe8 13. Nb5 Rf8 14.
O-O-O a6 15. Nd4 Qa5 16. Kb1 Nxd4 17. Qxd4 b5 18. Be2 Bb7 19. Bf3 Rfd8 20. Rd3
d5 21. Rhd1 Rac8 22. Ra3 Qc7 23. Rc3 Qb8 24. Rxc8 Qxc8 25. Qb6 Rd7 26. e5 Rc7
27. c3 Rc6 28. Qe3 a5 29. Rd4 Ba6 30. Be2 b4 31. Bxa6 Qxa6 32. Qd3 Qc8 33. Kc2
Qb8 34. f4 a4 35. Kd2 bxc3+ 36. bxc3 a3 37. Rb4 Rb6 38. Qb1 Rxb4 39. Qxb4 Qa7
40. Qd4 Qb8 41. Qb4 Qa7 1/2-1/2

[Event "Deutsche Ländermeisterschaft 2015"]
[Site "Hannover GER"]
[Date "2015.10.05"]
[Round "4"]
[White "Kalina, Lena"]
[Black "Glinzner, Alva"]
[Result "1-0"]
[Termination "normal"]
[Board "2.8"]
[WhiteElo "1086"]
[BlackElo "1440"]
[WhiteClock "00:52:43"]
[BlackClock "00:33:58"]
[WhiteTeam "Rheinland-Pfalz"]
[BlackTeam "Schleswig-Holstein"]
[PlyCount "67"]
[WhiteFideId "12988014"]
[BlackFideId "16206169"]
[EventCountry "GER"]
[EventRounds "7"]
[EventType "team-swiss"]
[EventDate "2015.10.02"]

1. e4 c6 2. Nc3 d5 3. Nf3 Bg4 4. h3 Bh5 5. exd5 cxd5 6. Bb5+ Nc6 7. g4 Bg6 8.
Ne5 Qd6 9. d4 a6 10. Bxc6+ bxc6 11. Qe2 h6 12. h4 Bh7 13. Qf3 Nf6 14. g5 hxg5
15. hxg5 Be4 16. Nxe4 dxe4 17. Qg2 Rxh1+ 18. Qxh1 Qxd4 19. gxf6 Qxe5 20. fxe7
Bxe7 21. Qh8+ Bf8 22. c3 Rd8 23. Be3 Qf5 24. Bd4 Qg5 25. Qh1 Qd5 26. O-O-O Rb8
27. Ba7 Qg5+ 28. Kb1 Rc8 29. Qxe4+ Be7 30. Rh1 Qd2 31. Rh8+ Kd7 32. Qf5+ Kd6
33. Bc5+ Kc7 34. Qxc8# 1-0

[Event "Deutsche Ländermeisterschaft 2015"]
[Site "Hannover GER"]
[Date "2015.10.05"]
[Round "4"]
[White "Noe, Christopher"]
[Black "Richter, Leonard"]
[Result "1/2-1/2"]
[Termination "normal"]
[Board "3.1"]
[WhiteTitle "FM"]
[WhiteElo "2407"]
[BlackElo "2281"]
[WhiteClock "00:32:47"]
[BlackClock "00:09:03"]
[WhiteTeam "Baden 1"]
[BlackTeam "Sachsen"]
[PlyCount "65"]
[WhiteFideId "24692018"]
[BlackFideId "12900290"]
[EventCountry "GER"]
[EventRounds "7"]
[EventType "team-swiss"]
[EventDate "2015.10.02"]

1. e4 c5 2. Nf3 d6 3. Bb5+ Nd7 4. c3 Ngf6 5. Qe2 e5 6. O-O Qc7 7. d4 Be7 8. Bg5
O-O 9. Bxd7 Bxd7 10. dxe5 dxe5 11. c4 Bc6 12. Bxf6 Bxf6 13. Nc3 a6 14. Rfd1
Rfd8 15. Nd5 Bxd5 16. Rxd5 Rxd5 17. cxd5 Be7 18. b3 Rc8 19. Rc1 b5 20. Nd2 Bg5
21. Rc2 Bxd2 22. Qxd2 Qd6 23. g3 h6 24. Kg2 c4 25. bxc4 bxc4 26. Qc3 f6 27. Rb2
Qc5 28. Rd2 a5 29. a3 Rb8 30. Rc2 Rc8 31. Rd2 Rb8 32. Rc2 Rc8 33. Rd2 1/2-1/2